MARC details
| 000 -CABECERA |
| campo de control de longitud fija |
02528cab a2200277 a 4500 |
| 005 - FECHA Y HORA DE LA ÚLTIMA TRANSACCIÓN |
| campo de control |
20260415064244.0 |
| 008 - ELEMENTOS DE LONGITUD FIJA--INFORMACIÓN GENERAL |
| campo de control de longitud fija |
991125c2020 ck fr p o 000 0 spa d |
| 035 ## - NÚMERO DE CONTROL DEL SISTEMA |
| Número de control de sistema |
UPN01000235913 |
| 040 ## - FUENTE DE LA CATALOGACIÓN |
| Centro catalogador/agencia de origen |
MX-MxUPN |
| Lengua de catalogación |
spa |
| Normas de descripción |
aacr2 |
| Centro/agencia transcriptor |
MX-MxUPN |
| 049 ## - COLECCIÓN |
| Colección |
ART-E |
| 100 1# - ASIENTO PRINCIPAL--NOMBRE PERSONAL |
| Nombre de persona |
Jardey Suárez, Oscar |
| 9 (RLIN) |
47597 |
| 100 1# - ASIENTO PRINCIPAL--NOMBRE PERSONAL |
| Nombre de persona |
Hurtado Márquez, Alejandro |
| 9 (RLIN) |
47598 |
| 100 1# - ASIENTO PRINCIPAL--NOMBRE PERSONAL |
| Nombre de persona |
Pulido Cardozo, Oscar Antonio |
| 9 (RLIN) |
47599 |
| 245 00 - MENCIÓN DE TÍTULO |
| Título |
Variables del estrés académico en estudiantes que cursan matemáticas en una facultad de ciencias administrativas y contables |
| Medio |
[recurso electrónico en línea] |
| 506 0# - NOTA DE RESTRICCIONES AL ACCESO |
| Limitaciones de acceso |
Acceso abierto |
| 520 3# - NOTA DE RESUMEN, ETC. |
| Sumario, etc. |
Este documento describe las variables que subyacen al estrés académico (ea) en estudiantes que cursan asignaturas de matemáticas en una facultad de ciencias económico-administrativas y contables (Faceac) en una universidad privada de Bogotá, Colombia. El inventario de estrés académico (iea) utilizado fue el de Polo, Hernández y Pozo, de 1996, con el fin de medir dos dimensiones: respuestas al estrés y actividades que producen estrés. En la aplicación del iea se verificó el coeficiente de alfa de Cronbach y se utilizó el método de análisis de componentes principales (acp) para determinar las variables subyacentes al EA. En la investigación participaron 463 estudiantes, que corresponde al 78,1% de la población estudiantil activa de esa facultad. Los resultados, después de verificar todos los supuestos estadísticos, indicaron que la confiabilidad del instrumento es de 0,927; el análisis exploratorio forzado de los datos con acp (kmo de 0,913, sig. 0,000, gl 300), con el método de rotación varimax con Kaiser, arrojó tres variables que interpretan el 49,688% de la varianza. Las variables son respuestas al EA, interacción estudiantes-saber matemático y evaluación. Finalmente, cabe señalar que el ea de los estudiantes que cursan matemáticas en una Faceac debe tratarse desde la actividad docente, junto con programas del área direccionadas desde bienestar universitario tendientes al manejo adecuado del EA. |
| 650 #0 - ASIENTO SECUNDARIO DE MATERIA - TERMINO TEMATICO |
| Término de materia o nombre geográfico como elemento de entrada |
Estudiantes universitarios |
| 9 (RLIN) |
9298 |
| 650 #4 - ASIENTO SECUNDARIO DE MATERIA - TERMINO TEMATICO |
| Término de materia o nombre geográfico como elemento de entrada |
Evaluación educativa |
| 9 (RLIN) |
4298 |
| 653 0# - TERMINO DE INDIZACION - NO CONTROLADO |
| Término no controlado |
Estrés |
| 653 0# - TERMINO DE INDIZACION - NO CONTROLADO |
| Término no controlado |
Didáctica de las matemáticas |
| 773 ## - ENLACE AL DOCUMENTO FUENTE/ENTRADA DE REGISTRO ANFITRIÓN |
| Parte(s) relacionada(s) |
Vol. 13, no. 1 (2020) p. 37-49 |
| Título |
Academia y virtualidad |
| Número Internacional Normalizado para Publicaciones Seriadas |
2011-0731 |
| 856 4# - LOCALIZACIÓN Y ACCESO ELECTRÓNICOS |
| Identificador Uniforme del Recurso |
<a href="https://revistas.unimilitar.edu.co/index.php/ravi/article/view/3713/3738">https://revistas.unimilitar.edu.co/index.php/ravi/article/view/3713/3738</a> |
| 856 4# - LOCALIZACIÓN Y ACCESO ELECTRÓNICOS |
| Identificador Uniforme del Recurso |
<a href="https://doi.org/10.18359/ravi.3713">https://doi.org/10.18359/ravi.3713</a> |
| Nota pública |
Consultar articulo completo |
| 905 ## - TIPO DE MATERIAL |
| Tipo de material |
Articulo |
| 942 ## - ELEMENTOS DE PUNTO DE ACCESO ADICIONAL (KOHA) |
| Tipo de ítem Koha |
Artículo Electrónico |